| 000 | 00524nam a2200205Ia 4500 | ||
|---|---|---|---|
| 008 | 170918s9999 xx 000 0 und d | ||
| 020 | _a9780545206990 | ||
| 050 | _bT193 2010 | ||
| 100 | _aTarshis, Lauren | ||
| 245 | _aI survived : | ||
| 245 | _bthe sinking of the titanic, 1912 / | ||
| 245 | _cLauren Tarshis ; illustrated by Scott Dawson. | ||
| 260 | _aNew York : | ||
| 260 | _bScholastic, | ||
| 260 | _c2010 | ||
| 300 | _a96 pages : | ||
| 300 | _bcolored illustration ; | ||
| 300 | _c19cm. | ||
| 500 | _a660 | ||
| 999 |
_c341886 _d341886 |
||